Practical Physics (Record no. 9183)

MARC details
000 -LEADER
fixed length control field 00321nam a22001457a 4500
003 - CONTROL NUMBER IDENTIFIER
control field OSt
008 - FIXED-LENGTH DATA ELEMENTS--GENERAL INFORMATION
fixed length control field 201119b ||||| |||| 00| 0 eng d
100 ## - MAIN ENTRY--PERSONAL NAME
Personal name Gupta, S.L.
245 ## - TITLE STATEMENT
Title Practical Physics
250 ## - EDITION STATEMENT
Edition statement 33rd
260 ## - PUBLICATION, DISTRIBUTION, ETC. (IMPRINT)
Place of publication, distribution, etc N.D.
Name of publisher, distributor, etc Pragati
Date of publication, distribution, etc 2018
300 ## - PHYSICAL DESCRIPTION
Extent 227
650 ## - SUBJECT ADDED ENTRY--TOPICAL TERM
Topical term or geographic name as entry element B.Sc Non Medical
942 ## - ADDED ENTRY ELEMENTS (KOHA)
Source of classification or shelving scheme Dewey Decimal Classification
Koha item type Text Books
Holdings
Withdrawn status Lost status Source of classification or shelving scheme Damaged status Not for loan Collection code Home library Current library Date acquired Source of acquisition Currency Cost, normal purchase price Bill Number Total Checkouts Acc. no. / Barcode Date last seen Actual Cost, discounted price Bill Date Koha item type Date last borrowed
    Dewey Decimal Classification     B.Sc Non Medical PIET NCR College Library PIET NCR College Library 19/11/2020 Kirti Prakasan In Rupess 440.00 IN277   N270 19/11/2020 330.00 19/11/2020 Reference Books  
    Dewey Decimal Classification     B.Sc Non Medical PIET NCR College Library PIET NCR College Library 19/11/2020 Kirti Prakasan In Rupess 440.00 IN277   N271 19/11/2020 330.00 19/11/2020 Text Books  
    Dewey Decimal Classification     B.Sc Non Medical PIET NCR College Library PIET NCR College Library 19/11/2020 Kirti Prakasan In Rupess 440.00 IN277 1 N272 30/10/2023 330.00 19/11/2020 Text Books 30/10/2023

Design & Developed by: PIET Central Library
R70 Miles Stone Pattikalyana Samalkha Panipat 132102
mail ID :- [email protected], Phone No:- 0180-2569700 Ex.216